Statistics for Riddles!!!!!!!!! #2

Click here to take the quiz!

General Stats

  • This quiz has been taken 312 times
    (285 since last reset)
  • The average score is 5 of 15

Answer Stats

Hint Answer % Correct
We see it once in a year, twice in a week, and never in a day. What is it?E
87%
A blue house is made from blue bricks, a yellow house from yellow bricks etc.What is a green house made out of?Glass
84%
The Smith family had a large round house. Mrs Smith got murdered by somebody inside the house.The police asked everyone where they were at that time.Billy Smith: “I was playing on the computer.” The Maid: “I was dusting the corners of the house.” Mr Smith: “I was starting to make lunch for later.” Who is lying and therefore the murderer?The Maid
47%
When rain comes down what goes up?Sea Level or an Umbrella
46%
A monkey, a squirrel, and a bird are racing to the top of a coconut tree. Who will get the banana first, the monkey, the squirrel, or the bird?It's a coconut tree!
35%
What is the center of Gravity?V
32%
What goes through towns and over hills but never moves?Road
31%
Name the two days starting with T besides Tuesday and Thursday.Today and tomorrow
29%
What starts with “P” and ends with “E” and has more than 1000 letters?Post Office
22%
Suppose there is only one barber shop in your town, and it employs two barbers Michael and Tom. Michael has a nice, neatly trimmed head of hair. Tom's hair is a complete mess. Which of the two barbers should you go to?Tom
20%
What kind of room has no doors or windows?Mushroom
12%
If two’s company and three’s a crowd, what are four and five?Nine
4%
There are two books sitting side by side, consisting of exactly 100 pages. The book on the left is upside down. If you add the page number at the extreme left side of the book on the left to the page number at the extreme right side the right hand book, what is the total?2
4%
Jack rode into town on Friday and rode out 2 days later on Friday. How can that be possible?His vehicle/horse is called Friday
3%
Think of words ending in -GRY. Angry and hungry are two of them. There are only three words in the English language. What is the third word?Language
3%

Score Distribution

Percentile by Number Answered

Percent of People with Each Score

Your Score History

You have not taken this quiz since the last reset